Расширение диапазона эмерджентных интерпретаций текста в контексте современных информационно-коммуникативных практик; Актуальные проблемы гуманитарных наук

গ্রন্থ-পঞ্জীর বিবরন
Parent link:Актуальные проблемы гуманитарных наук.— 2008.— С. 389-392
প্রধান লেখক: Конюхова Т. В. Татьяна Васильевна
ভাষা:রুশ
প্রকাশিত: 2008
বিষয়গুলি:
বিন্যাস: গ্রন্থের অধ্যায়
KOHA link:https://koha.lib.tpu.ru/cgi-bin/koha/opac-detail.pl?biblionumber=186495

MARC

LEADER 00000naa2a2200000 4500
001 186495
005 20240221095549.0
035 |a (RuTPU)RU\TPU\book\202344 
090 |a 186495 
100 |a 20101028d2008 k y0rusy50 ca 
101 0 |a rus 
102 |a RU 
200 1 |a Расширение диапазона эмерджентных интерпретаций текста в контексте современных информационно-коммуникативных практик  |f Т. В. Конюхова 
320 |a Библиогр.: 11 назв. 
463 0 |0 (RuTPU)RU\TPU\book\194420  |t Актуальные проблемы гуманитарных наук  |o сборник научных трудов  |f Томский политехнический университет (ТПУ)   |v С. 389-392  |d 2008  |p 562 с. 
610 1 |a тексты 
610 1 |a эмерджентные интерпретации 
610 1 |a интепретации 
610 1 |a постмодернизм 
610 1 |a смыслы 
610 1 |a синергетика 
610 1 |a нелинейность 
610 1 |a труды учёных ТПУ 
700 1 |a Конюхова  |b Т. В.  |c философ  |c доцент Томского политехнического университета, кандидат философских наук  |f 1980-  |g Татьяна Васильевна  |3 (RuTPU)RU\TPU\pers\25558  |9 11488 
801 1 |a RU  |b 63413507  |c 20101028 
942 |c BK